|
|
|
|
| LEADER |
00000nam0a2200000 4500 |
| 001 |
122388 |
| 005 |
20231101215735.0 |
| 010 |
|
|
|a 5751119304
|
| 035 |
|
|
|a (RuTPU)RU\TPU\book\132517
|
| 035 |
|
|
|a RU\TPU\book\121056
|
| 090 |
|
|
|a 122388
|
| 100 |
|
|
|a 20071003d2007 m y0rusy50 ca
|
| 101 |
0 |
|
|a rus
|
| 102 |
|
|
|a RU
|
| 105 |
|
|
|a y j 001zy
|
| 200 |
1 |
|
|a Налоги и налогообложение
|e учебное пособие
|f А. А. Вазим
|g Томский политехнический университет (ТПУ)
|
| 205 |
|
|
|a 3-е изд., перераб. и доп.
|
| 210 |
|
|
|a Томск
|c Изд-во Томского ун-та
|d 2007
|
| 215 |
|
|
|a 378 с.
|
| 320 |
|
|
|a Библиогр.: с. 227-228.
|
| 320 |
|
|
|a Словарь терминов: с. 229-247.
|
| 330 |
|
|
|a В учебнике излагаются теоретические вопросы формирования налоговой системы, а также изучается механизм налогообложения доходов населения и предприятий. По каждой главе предложены логика рассмотрения, контрольные вопросы для самоконтроля. Отдельно вынесен список предлагаемой основной и дополнительной литературы. Пособие подготовлено на кафедре экономики в соответствии с программой по дисциплине «Налоги и налогообложение». Для студентов направления 521600 «Экономика» и специальностей 060500 - бухгалтерский учет, анализ и аудит, 060700 - национальная экономика, 351400 - прикладная информатика (в экономике).
|
| 451 |
|
1 |
|0 (RuTPU)RU\TPU\book\121056
|t Налоги и налогообложение
|o учебное пособие
|f А. А. Вазим
|g Томский политехнический университет; Институт дистанционного образования
|e 2-е изд., перераб. и доп.
|c Томск
|n Изд-во ТПУ
|d 2006
|p 248 с.
|a Вазим, Андрей Александрович
|
| 606 |
1 |
|
|a Налоги
|2 stltpush
|3 (RuTPU)RU\TPU\subj\36467
|9 57834
|
| 610 |
1 |
|
|a экономика
|
| 610 |
1 |
|
|a финансы
|
| 610 |
1 |
|
|a доходы
|
| 610 |
1 |
|
|a налоги
|
| 610 |
1 |
|
|a налог на добавленную стоимость
|
| 610 |
1 |
|
|a акцизы
|
| 610 |
1 |
|
|a налог на прибыль
|
| 610 |
1 |
|
|a единый социальный налог
|
| 610 |
1 |
|
|a региональные налоги
|
| 610 |
1 |
|
|a местные налоги
|
| 610 |
1 |
|
|a налоги с физических лиц
|
| 610 |
1 |
|
|a налогообложение
|
| 610 |
1 |
|
|a налоговое планирование
|
| 610 |
1 |
|
|a дистанционное образование
|
| 610 |
1 |
|
|a учебные пособия
|
| 610 |
1 |
|
|a труды учёных ТПУ
|
| 686 |
|
|
|a У9(2)261.4я73
|v LBC/SL-A
|2 rubbk
|
| 700 |
|
1 |
|a Вазим
|b А. А.
|c российский экономист
|c доцент Томского политехнического университета, кандидат экономических наук
|f 1971-
|g Андрей Александрович
|2 stltpush
|3 (RuTPU)RU\TPU\pers\24264
|
| 712 |
0 |
2 |
|a Томский политехнический университет (ТПУ)
|c (1991-2009)
|2 stltpush
|3 (RuTPU)RU\TPU\col\376
|
| 801 |
|
1 |
|a RU
|b 63413507
|c 20040519
|g PSBO
|
| 801 |
|
2 |
|a RU
|b 63413507
|c 20201117
|g PSBO
|
| 900 |
|
|
|a Налоги и налогообложение
|
| 900 |
|
|
|a Налоговое планирование
|
| 942 |
|
|
|c BK
|